000
00367nam a2200145Ia 4500
008
231129s2009||||xx |||||||||||||| ||spa||
020
_a
958-704-215-8
040
_b
spa
082
_a
(i) Co863 M757c
100
_a
MontaƱa Francisco
245
0
_a
Cuentos de Susana
260
_c
2009
264
_a
Alfaguara
942
_2
ddc
_c
BKS
999
_c
8478
_d
8478